00785nam a22002415i 4500001000700000003000900007005001700016008004100033020001800074080001100092100002000103245013800123250001200261260004000273300002600313490003300339500001400372650002500386700002100411700003900432830003300471852003900504176421ES-MaACL20250811100120.0110113s1974 sp |||| | spa d a84-311-0156-3 a616.890 aBellot, Lucien.14aLas consultas diarias en ginecología / cpor Lucien Bellot y Denys Sersiron ; versión española de José Mª de Prado Marcilla. a1ª ed. aBarcelona : bToray-Masson, c1974. aIX, 189 p. ; c22 cm.1 aLas consultas diarias ; v22 aÍndice.07aPsiquiatría2embne1 aSersiron, Denys.0 aPrado Marcilla, José María de.0 aLas consultas diarias ; v22 aES-MaACLjE-14051 xOlim P-210-Ter